Simbolos de las religiones del Mundo - Estadísticas

Estadísticas generales
  • Esta prueba ha sido intentada 321 veces
  • La puntuación promedio es 5 de 10
Estadísticas de respuestas
Imagen Respuesta % Correcto
Cristianismo
96%
Judaismo
92%
islam
90%
Hinduismo
64%
Budismo
47%
Taoismo
36%
Sintoismo
26%
sijismo
13%
Jainismo
9%
Bahaismo
6%
No se encontraron pruebas coincidentes
Distribución de puntuación
Porcentaje de gente con cada puntuación
Porcentaje por número respondido
Historial de tus puntuaciones
No has intentado esta prueba.